000 00278nam a22001097a 4500
100 _aRathore Archana
_975911
245 _aChinese goods
_bIndia towards Economic slavery
260 _aDelhi
_bKanhya publisher
_c2017
300 _a256
650 _a330/Economics
_981682
942 _cBK
999 _c65842
_d65842